| 000 | 00354 a2200157 4500 | ||
|---|---|---|---|
| 001 | 175196 | ||
| 020 | _a85-322-4845-4 | ||
| 040 | _cMagnum | ||
| 100 | _aBonjorno, Valter | ||
| 240 | 1 | 0 |
_aFísica completa - guia pedagógico _lpor |
| 245 | 1 | 0 | _aFísica completa - guia pedagógico |
| 300 | _a397 | ||
| 440 | 1 | _aFTD | |
| 697 | _aFÍSICA | ||
| 942 | _cBK | ||
| 999 |
_c175196 _d175196 |
||